| 000 | 00947nam a22002657a 4500 | ||
|---|---|---|---|
| 001 | 03707 | ||
| 003 | HDC | ||
| 007 | cr bn ---aaaaa | ||
| 008 | 210111t2007 flu||||| |||| 00| 0 eng | ||
| 020 | _a978-1-4398-4324-6 | ||
| 040 | _aHDC | ||
| 245 | 0 |
_aAgricultural Research at the Crossroads Revisited Resource-poor Farmers and the Millennium Development Goals. Annex II : _bAcronyms and Abbreviations |
|
| 260 |
_a Boca Raton, Florida: _bCRC Press, _c2007 |
||
| 300 | _a3 pages | ||
| 336 |
_atext _2rdacontent |
||
| 337 |
_acomputer _2rdamedia |
||
| 338 |
_aonline resource _2rdacarrier |
||
| 650 |
_aAcronyms and Abbreviations _93401 |
||
| 650 |
_aAgricultural research _93347 |
||
| 650 |
_aAnnex _93400 |
||
| 856 | _zRequest full-text at [email protected] | ||
| 942 | _2lcc | ||
| 942 | _cCHAP | ||
| 942 | _kEBCH 001671 | ||
| 999 |
_c1043 _d1043 |
||